000 01027nam a2200253Ia 4500
003 OSt
005 20220923221035.0
006 a|||||r|||| 00| 0
007 ta
008 220922b |||||||| |||| 00| 0 hin d
024 _a194,251
037 _cTextual
040 _aARTS
_cARTS
_bhin
041 _2hin
_ahin
082 _aO152,3:g, M7
100 _aप्रेमकुमार, संपा.
245 0 _aहिन्दी कहानी
_b सार्थक रचनाशीलता (सार्थक एवं जनधर्मी कहानियों का संग्रह )
246 _aHindī kahānī: sārthak rachanāshīlatā (sārthak evan janadharmī kahāniyoan kā sangrah )
260 _aमहेसाना
_b गिरनार प्रका0
_c1987
300 _a104पृ.
_ccm.
650 _aहिन्दी साहित्य
_9156264
942 _hO152,3:g, M7
_cTEXL
_2CC
999 _c346515
_d346515